[Event "BL2 Nord 1011 (Women)"]
[Site "Germany"]
[Date "2011.02.20"]
[Round "7.3"]
[White "Markgraf, Claudia"]
[Black "Goehler, Antje"]
[Result "1-0"]
[WhiteElo "2029"]
[BlackElo "2136"]
[PlyCount "99"]
[EventDate "2010.11.06"]
[EventType "team-tourn"]
[EventRounds "7"]
[EventCountry "GER"]
[SourceTitle "EXT 2012"]
[Source "ChessBase"]
[SourceDate "2011.11.24"]
[SourceVersion "1"]
[SourceVersionDate "2011.11.24"]
[SourceQuality "1"]
[WhiteTeam "Lehrte (W)"]
[BlackTeam "Pankow Rotation (W)"]
[WhiteTeamCountry "GER"]
[BlackTeamCountry "GER"]

1. e4 c5 2. Nc3 e6 3. g3 d6 4. Bg2 Nf6 5. d3 Be7 6. f4 0-0 7. Nf3 Nc6 8. Be3 a6 9. h3 Qc7 10. 0-0 b5 11. g4 d5 12. e5 Nd7 13. Bd2 Bb7 14. a4 b4 15. Ne2 Na5 16. Qe1 Rfc8 17. Ng3 c4 18. d4 c3 19. bxc3 bxc3 20. Be3 Nc4 21. f5 a5 22. Ng5 Ndxe5 23. fxe6 fxe6 24. Nxe6 Qd7 25. Nf4 Nf7 26. Nf5 Bf6 27. Rb1 Bc6 28. Nh5 Re8 29. Nxf6+ gxf6 30. Qxc3 Nfd6 31. Bh6 Ne4 32. Bxe4 Rxe4 33. Ng3 Re6 34. Nh5 Qe7 35. Rbe1 Bb7 36. Rxe6 Qxe6 37. Nxf6+ Kh8 38. Qd3 Qe7 39. Qf5 Ne3 40. Bxe3 Qxe3+ 41. Kh2 Qe7 42. Qd7 Qxd7 43. Nxd7 Bc6 44. Nc5 Kg7 45. Kg3 Rb8 46. c3 Rb2 47. Kf4 Rc2 48. Rf3 Ra2 49. Ke5 Bxa4 50. Ne6+ 1-0

[Event "GER-chT Federal Cup (Women)"]
[Site "Braunfels"]
[Date "2010.06.04"]
[Round "2"]
[White "Skibbe, Diana"]
[Black "Markgraf, Claudia"]
[Result "1-0"]
[WhiteElo "2083"]
[BlackElo "2040"]
[PlyCount "63"]
[EventDate "2010.06.03"]
[EventType "team-swiss"]
[EventRounds "5"]
[EventCountry "GER"]
[SourceTitle "CBM 136 Extra"]
[Source "ChessBase"]
[SourceDate "2010.07.02"]
[SourceVersion "2"]
[SourceVersionDate "2010.07.15"]
[SourceQuality "1"]

1. e4 Nf6 2. e5 Nd5 3. c4 Nb6 4. d4 d6 5. exd6 exd6 6. Bd3 Nc6 7. Be3 Nb4 8. Ne2 Bg4 9. 0-0 Be7 10. Nbc3 Nxd3 11. Qxd3 0-0 12. Ng3 d5 13. b3 c6 14. a4 dxc4 15. bxc4 Be6 16. d5 cxd5 17. Bxb6 Qxb6 18. cxd5 Bd7 19. Rab1 Qc7 20. Nce4 Bxa4 21. Qd4 Qd7 22. Nh5 f6 23. d6 b5 24. Rb4 a5 25. Rxa4 bxa4 26. Qc4+ Kh8 27. dxe7 Qxe7 28. Qxa4 Qb4 29. Qd7 Rg8 30. Nd6 g6 31. Nxf6 Rg7 32. Nf7+ 1-0

[Event "BL 0910 (Women)"]
[Site "Germany"]
[Date "2010.03.14"]
[Round "9.1"]
[White "Markgraf, Claudia"]
[Black "Steinbacher, Claudia"]
[Result "1-0"]
[WhiteElo "2040"]
[BlackElo "2158"]
[PlyCount "75"]
[EventDate "2009.11.07"]
[EventType "team-tourn"]
[EventRounds "11"]
[EventCountry "GER"]
[SourceTitle "CBM 133 Extra"]
[Source "ChessBase"]
[SourceDate "2010.01.05"]
[SourceVersion "1"]
[SourceVersionDate "2010.01.05"]
[SourceQuality "1"]
[WhiteTeam "Lehrte (W)"]
[BlackTeam "Rodewisch (W)"]
[WhiteTeamCountry "GER"]
[BlackTeamCountry "GER"]

1. e4 c5 2. Nc3 Nc6 3. g3 g6 4. Bg2 Bg7 5. d3 d6 6. Be3 e5 7. Qd2 Nge7 8. Bh6 0-0 9. h4 Nd4 10. h5 f6 11. hxg6 hxg6 12. Bxg7 Kxg7 13. Qh6+ Kf7 14. 0-0-0 Be6 15. Qh7+ Ke8 16. Nd5 Bxd5 17. exd5 Rf7 18. Qh6 Kd7 19. g4 Qa5 20. c3 Nb5 21. Kb1 g5 22. Ne2 Nc7 23. c4 b5 24. Nc3 Rb8 25. Ne4 Rbf8 26. f4 exf4 27. d4 cxd4 28. c5 Nexd5 29. Nxd6 Nb4 30. a3 Nc6 31. Nxf7 Rxf7 32. Qg6 Ne5 33. Qf5+ Ke7 34. Rxd4 Ne6 35. Rd5 Nc7 36. Rd6 b4 37. Qc8 Ne8 38. Re6+ 1-0

[Event "BL 0910 (Women)"]
[Site "Germany"]
[Date "2010.02.21"]
[Round "7.1"]
[White "Markgraf, Claudia"]
[Black "Heinatz, Gundula"]
[Result "0-1"]
[WhiteElo "2040"]
[BlackElo "2232"]
[PlyCount "56"]
[EventDate "2009.11.07"]
[EventType "team-tourn"]
[EventRounds "11"]
[EventCountry "GER"]
[SourceTitle "CBM 133 Extra"]
[Source "ChessBase"]
[SourceDate "2010.01.05"]
[SourceVersion "1"]
[SourceVersionDate "2010.01.05"]
[SourceQuality "1"]
[WhiteTeam "Lehrte (W)"]
[BlackTeam "Karlsruhe 1853 (W)"]
[WhiteTeamCountry "GER"]
[BlackTeamCountry "GER"]

1. e4 c5 2. c3 Nf6 3. e5 Nd5 4. d4 cxd4 5. Nf3 Nc6 6. cxd4 e6 7. Bc4 d6 8. 0-0 Be7 9. Re1 0-0 10. Nbd2 dxe5 11. dxe5 Nf4 12. Qc2 Ng6 13. Qe4 Rb8 14. Nb3 b5 15. Bxe6 Bxe6 16. Qxc6 Bd5 17. Qc3 Rc8 18. Qe3 Qc7 19. Nfd4 Qb7 20. Qh3 Bb4 21. Re2 Rfe8 22. a3 Bf8 23. Qg3 Bc4 24. Re1 b4 25. Na5 Qd5 26. Nxc4 Qxd4 27. Ne3 Rxe5 28. Rd1 Qxd1+ 0-1

[Event "BL 0910 (Women)"]
[Site "Germany"]
[Date "2009.12.06"]
[Round "4.2"]
[White "Markgraf, Claudia"]
[Black "Haecker, Sonja"]
[Result "0-1"]
[WhiteElo "2040"]
[BlackElo "2064"]
[PlyCount "110"]
[EventDate "2009.11.07"]
[EventType "team-tourn"]
[EventRounds "11"]
[EventCountry "GER"]
[SourceTitle "CBM 133 Extra"]
[Source "ChessBase"]
[SourceDate "2010.01.05"]
[SourceVersion "1"]
[SourceVersionDate "2010.01.05"]
[SourceQuality "1"]
[WhiteTeam "Lehrte (W)"]
[BlackTeam "Wolfbusch (W)"]
[WhiteTeamCountry "GER"]
[BlackTeamCountry "GER"]

1. e4 c5 2. Nc3 Nc6 3. g3 g6 4. Bg2 Bg7 5. d3 d6 6. Be3 e5 7. Nge2 Nge7 8. 0-0 0-0 9. Kh1 Nd4 10. Qd2 Be6 11. Ng1 Qd7 12. a4 d5 13. exd5 Nxd5 14. Ne4 Rac8 15. Ra3 Rfd8 16. Rc1 b6 17. Ne2 Nxe2 18. Qxe2 f6 19. a5 Nb4 20. Nc3 b5 21. Ne4 Bd5 22. Kg1 Na6 23. Raa1 Qc6 24. Qf1 Qc7 25. Nc3 Bxg2 26. Qxg2 Qd7 27. Qf3 f5 28. Bg5 Re8 29. Nd5 Qe6 30. Nc3 Rb8 31. Re1 h6 32. Bd2 Qd6 33. Re2 Nb4 34. Rc1 a6 35. Nd1 Nc6 36. c4 Nd4 37. Qe3 Nxe2+ 38. Qxe2 Red8 39. Be3 b4 40. Qf3 Rbc8 41. b3 Qxd3 42. Qb7 Qxb3 43. Kg2 Kh7 44. Qxa6 Ra8 45. Qb7 Rxa5 46. Qc7 Raa8 47. Qb7 Rab8 48. Qc7 Rbc8 49. Qb7 Qa4 50. f3 Qc6 51. Qe7 Rd7 52. Qh4 Ra8 53. Nf2 Ra3 54. Re1 b3 55. g4 b2 0-1

[Event "GER-chT Federal Cup (Women)"]
[Site "Braunfels"]
[Date "2009.06.06"]
[Round "4"]
[White "Zahn, Nicol"]
[Black "Markgraf, Claudia"]
[Result "0-1"]
[WhiteElo "1964"]
[BlackElo "2063"]
[PlyCount "70"]
[EventDate "2009.06.04"]
[EventType "team-swiss"]
[EventRounds "5"]
[EventCountry "GER"]
[SourceTitle "CBM 130 Extra"]
[Source "ChessBase"]
[SourceDate "2009.07.02"]
[SourceVersion "2"]
[SourceVersionDate "2009.07.15"]
[SourceQuality "1"]

1. e4 Nf6 2. d3 e5 3. Nf3 Nc6 4. g3 d5 5. Nbd2 Bg4 6. Bg2 dxe4 7. dxe4 Qd7 8. h3 Bh5 9. 0-0 0-0-0 10. Qe1 Bd6 11. c3 h6 12. b4 g5 13. Qe3 g4 14. b5 gxf3 15. bxc6 Qxc6 16. Bxf3 Bc5 17. Qe2 Bg6 18. a4 Qd7 19. Qc4 Be7 20. Rb1 Qd3 21. Qb3 b6 22. a5 Bc5 23. axb6 axb6 24. Ra1 Kb7 25. Bg2 Rhg8 26. Ra5 Kc8 27. Ra8+ Kb7 28. Ra5 Kc8 29. Rxc5 bxc5 30. Nc4 Bxe4 31. Bxe4 Nxe4 32. Qa4 Rxg3+ 33. fxg3 Qxg3+ 34. Kh1 Qxh3+ 35. Kg1 Rg8+ 0-1

[Event "GER-chT Federal Cup (Women)"]
[Site "Braunfels"]
[Date "2009.06.04"]
[Round "1"]
[White "Vollstaedt Klein, Sabine"]
[Black "Markgraf, Claudia"]
[Result "1-0"]
[WhiteElo "1895"]
[BlackElo "2063"]
[PlyCount "139"]
[EventDate "2009.06.04"]
[EventType "team-swiss"]
[EventRounds "5"]
[EventCountry "GER"]
[SourceTitle "CBM 130 Extra"]
[Source "ChessBase"]
[SourceDate "2009.07.02"]
[SourceVersion "2"]
[SourceVersionDate "2009.07.15"]
[SourceQuality "1"]

1. e4 Nf6 2. Nc3 d5 3. exd5 Nxd5 4. Bc4 Nb6 5. Bb3 Nc6 6. Nge2 e5 7. d3 Bg4 8. f3 Bf5 9. Be3 Nd4 10. 0-0 Bc5 11. Qd2 0-0 12. Kh1 Re8 13. Rae1 Bb4 14. Ng3 Bg6 15. f4 Nxb3 16. axb3 exf4 17. Bxf4 Nd5 18. Rxe8+ Qxe8 19. Qf2 Nxf4 20. Qxf4 Bd6 21. Qf3 c6 22. Nf5 Bc7 23. Ne4 Qe5 24. Neg3 f6 25. d4 Qe6 26. Qf2 Re8 27. b4 Qc4 28. c3 Bxf5 29. Nxf5 Re2 30. Qf3 Qe6 31. b3 Qd5 32. Qh3 Qe6 33. Qf3 Re1 34. Qf2 Rxf1+ 35. Qxf1 Qxb3 36. Qe1 h6 37. Kg1 Qf7 38. Qe4 Qd7 39. h4 Bb8 40. h5 Bc7 41. Qg4 Kh8 42. Qe4 a5 43. bxa5 Bxa5 44. c4 Bb4 45. Nh4 Bc3 46. d5 cxd5 47. cxd5 Kg8 48. Qc4 Ba5 49. d6+ Qf7 50. Qc8+ Qf8 51. d7 Kf7 52. Nf5 b5 53. Qc6 Qd8 54. Nd6+ Kf8 55. Nc8 Qc7 56. d8Q+ Qxd8 57. Qc5+ Kg8 58. Ne7+ Kh7 59. Qf5+ Kh8 60. Ng6+ Kg8 61. Nf4 Qd1+ 62. Kh2 Qd6 63. Kh3 Bc7 64. g3 Qe5 65. Qg4 Kf7 66. Qg6+ Kf8 67. Qd3 b4 68. Ng6+ Kf7 69. Nxe5+ fxe5 70. Qd7+ 1-0

[Event "BL 0809 (Women)"]
[Site "Germany"]
[Date "2009.03.07"]
[Round "8.1"]
[White "Markgraf, Claudia"]
[Black "Vasilevich, Tatjana"]
[Result "0-1"]
[WhiteElo "2063"]
[BlackElo "2368"]
[PlyCount "80"]
[EventDate "2008.11.08"]
[EventType "team-tourn"]
[EventRounds "11"]
[EventCountry "GER"]
[SourceTitle "EXT 2010"]
[Source "ChessBase"]
[SourceDate "2010.11.25"]
[SourceVersion "1"]
[SourceVersionDate "2010.11.25"]
[SourceQuality "1"]
[WhiteTeam "Lehrte (W)"]
[BlackTeam "Rodewisch (W)"]
[WhiteTeamCountry "GER"]
[BlackTeamCountry "GER"]

1. e4 c5 2. Nc3 e6 3. g3 d5 4. d3 dxe4 5. Nxe4 Be7 6. Qg4 g6 7. Qe2 Nc6 8. c3 b6 9. Bg2 Qd7 10. Bf4 Ba6 11. 0-0-0 Rd8 12. Qf3 Bb7 13. Qe2 e5 14. Be3 f5 15. Ng5 h6 16. N5f3 Nf6 17. Nh4 Kf7 18. Qc2 g5 19. Nhf3 f4 20. Bd2 g4 21. Nh4 f3 22. Bf1 Nd5 23. Nhxf3 gxf3 24. Bh3 Qd6 25. Nxf3 Nf6 26. d4 cxd4 27. Nh4 d3 28. Qa4 Qd5 29. Rhe1 b5 30. Qb3 Qxb3 31. axb3 e4 32. f3 Na5 33. Bf5 Nxb3+ 34. Kb1 Nxd2+ 35. Rxd2 exf3 36. Bg6+ Kf8 37. Bxd3 Rxd3 38. Ng6+ Kg7 39. Rxe7+ Kxg6 40. Rf2 Be4 0-1